Central Library OPAC University of Rajshahi

Jonathan Duncan and Varanasi / (Record no. 24031)

MARC details
000 -LEADER
fixed length control field 00617nam a2200217 a 4500
001 - CONTROL NUMBER
control field 24031
003 - CONTROL NUMBER IDENTIFIER
rucl marc code BD-RjUL
005 - DATE AND TIME OF LATEST TRANSACTION
control field 20211209001012.0
008 - FIXED-LENGTH DATA ELEMENTS--GENERAL INFORMATION
fixed length control field 140312s1959 ii 001 0 eng d
035 ## - SYSTEM CONTROL NUMBER
System control number (BD-RjUL)24096
040 ## - CATALOGING SOURCE
Original cataloging agency 2509
Language of cataloging eng
Transcribing agency 2509
Modifying agency 2509
-- BD-RjUL
041 ## - LANGUAGE CODE
Language code of text/sound track or separate title eng
082 04 - DEWEY DECIMAL CLASSIFICATION NUMBER
Classification number 923.2
Author mark and year NAJ 1959
100 1# - MAIN ENTRY--PERSONAL NAME
Personal name Narain, V. A.
Fuller form of name (Vishnu Anugrah),
Dates associated with a name 1927-
9 (RLIN) 74011
245 10 - TITLE STATEMENT
Title Jonathan Duncan and Varanasi /
Statement of responsibility, etc. V. A. Narain
260 ## - PUBLICATION, DISTRIBUTION, ETC. (IMPRINT)
Place of publication, distribution, etc. Calcutta :
Name of publisher, distributor, etc. Mukhopadhyay,
Date of publication, distribution, etc. 1959.
300 ## - PHYSICAL DESCRIPTION
Pagination 240p. ;
Size 23cm.
504 ## - BIBLIOGRAPHY, ETC. NOTE
Bibliography, etc Includes Index
600 10 - SUBJECT ADDED ENTRY--PERSONAL NAME
Personal name Duncan, Jonathan,
Dates associated with a name 1756-1811.
942 ## - ADDED ENTRY ELEMENTS (KOHA)
Source of classification or shelving scheme Dewey Decimal Classification
Koha item type Books
Holdings
Lost status Source of classification or shelving scheme Damaged status Not for loan Collection code Permanent Location Current Location Shelving location Date acquired Source of acquisition Cost, normal purchase price Total Checkouts Full call number Date last seen Copy number Koha item type
  Dewey Decimal Classification   Added to bundle Non-fiction Central Library, University of Rajshahi Central Library, University of Rajshahi Reading Room 27/03/1976 K.P. Bachi & Co 20.00   923.2 NAJ 1959 12/03/2014 C-1 Books